000 02039cad a22002535a 4500
001 L148408
008 090915s2009 xxko f f000 0 eng d
035 _a(Sirsi) u148408
041 0 _aeng
050 0 4 _a333.78 $2 18
110 2 _aUnited Kingdom
_bDepartment for Environment, Food and Rural Affairs
245 0 0 _aConsultation on proposals to amend the Countryside and Rights of Way Act 2000 for coastal land
_h[electronic resource]
260 _aLondon
_bDEFRA
_c2009
505 2 _aExecutive summary -- How to respond -- Background -- Description of the coastal margin -- Proposed changes to the provisions for restrictions and exclusions -- Proposed changes to the categories of excepted land under Schedule 1 to the CROW Act -- Proposed changes to the general restrictions under Schedule 2 to the CROW Act -- Annex A: Categories of excepted land under Schedule 1 to the CROW Act -- Annex B: Guidelines on what is meant by the categories of excepted land -- Annex C: General restrictions under Schedule 2 to the CROW Act -- Annex D: Summary of consultation questions
520 _aConsultation seeks views on the proposed amendment to the Countryside and Rights of Way Act 2000 (CROW Act) for coastal land. This amendment will ensure that coastal land is included in the description of land to which the public has access for open-air recreation in the CROW Act. Changes proposed also include modifications to: the provisions for restrictions and exclusions of access to coastal land; the categories of excepted land at Schedule 1; and the general restrictions to be observed by persons exercising the right of access at Schedule 2.
520 _aDeadline for comments is 1 December 2009.
521 _aAdvanced
590 _aKA NTK
650 2 4 _aCOUNTRYSIDE AND RIGHTS OF WAY ACT 2000
651 4 _aEngland and Wales
_y1543-
690 _aBoundary disputes
_96221
856 4 0 _uhttps://www.defra.gov.uk/corporate/consult/coastal-access/index.htm
_zView the consultation free of charge at www.defra.gov.uk...
942 _n0
999 _c110033
_d110033